Statistics for Famous People Named Liam

Click here to take the quiz!

General Stats

  • This quiz has been taken 126 times
  • The average score is 3 of 6

Answer Stats

LifeHintPerson% Correct
1990-Australian actor in The Hunger GamesLiam Hemsworth
83%
1952-Star of movies like Taken and Schindler's ListLiam Neeson
81%
1972-Brash lead singer of OasisLiam Gallagher
73%
1993-One Direction member who went solo in 2017Liam Payne
66%
1961-Davos Seaworth in Game of ThronesLiam Cunningham
14%
1971-Founder of electronic group The ProdigyLiam Howlett
13%

Score Distribution

Percentile by Number Answered

Percent of People with Each Score

Your Score History

You have not taken this quiz